000
00333pab a2200145 454500
008
180718b2005 xxu||||| |||| 00| 0 eng d
100
_a
Vedpuriswar, A.V.
245
_a
Derisking: risk management
260
_c
2005
300
_a
p.66-73.
362
_a
Apr
650
_a
Management
773
_a
Indian Management
909
_a
64716
999
_c
64716
_d
64716